01661cam a22004093a 45000010008000000030009000080050017000170070003000340080034000370100006000710200018000770400033000950820027001281000035001552450080001902500022002702600009002922640069003013000045003703360027004153370034004423380029004764900023005055000044005285000055005725210006006275900026006336500030006596500024006897000040007139100041007539420012007949520136008069520151009429520141010939990017012340000750DO-SdBPM20250825091816.0ta8611122009 mx a 000 0 spa d a  a9789870411987 aDO-SdBPMcspadBPMSUerdad  4aA863.6bF375c 20112221 aFerrari, Andread1961-eautor 13aEl camino de Sherlock /cAndrea Ferrari ; ilustraciones Carlus Rodríguez  a4a. reimpr. 2011  b c  aBuenos Aires, Argentina :bSantillana ediciones generales,c2011 a184 páginas :bilustraciones,c20 cm. atextobtxt2rdacontent asin mediación bn2rdamedia avolumen bnc2rdacarrier0 aAlfaguara juvenil  aIncluye datos biográficos del autor.  aLiteratura para niños a partir de los 12 años. a  aInventariado, 2025/VM 7aNovela juvenil argentina  7aNovelas policiacas 1 aRodríguez, Carluseilustraciones  aVMateo V. Control de calidad. BPMSU  2ddccBK 00102ddc708CJ-GaBPMETbBPMETd2016-10-25e Alfaguaral0oBPMSU CJG A863.6 F375c 2011pBPMSU16100355r2016-10-25w2016-10-25yBK 00102ddc708CJ-GaBPMETbBPMETd2016-10-25eDonado por Alfaguaral0oBPMSU CJG A863.6 F375c 2011pBPMSU16100356r2016-10-25te.2w2016-10-25yBK 00102ddc708CJ-GaBPMETbBPMETd2016-10-25e Alfaguaral0oBPMSU CJG A863.6 F375c 2011pBPMSU16100357r2016-10-25te.3w2016-10-25yBK c11671d11671